[Event "Bundesliga 2324"]
[Site "Germany"]
[Date "2024.02.24"]
[Round "10.4"]
[White "Duda, Jan Krzysztof"]
[Black "Aronian, Levon"]
[Result "1/2-1/2"]
[WhiteElo "2726"]
[BlackElo "2742"]
[PlyCount "141"]
[EventDate "2023.10.21"]
[EventType "team-tourn"]
[EventRounds "15"]
[EventCountry "GER"]
[SourceTitle "CB09_2024"]
[SourceDate "2024.02.28"]
[SourceVersion "1"]
[SourceVersionDate "2024.02.28"]
[SourceQuality "1"]
[WhiteTeam "Viernheim"]
[BlackTeam "Baden-Baden"]
[WhiteTeamCountry "GER"]
[BlackTeamCountry "GER"]

1. e4 e5 2. Nf3 Nc6 3. Bb5 Nf6 4. 0-0 Nxe4 5. Re1 Nd6 6. Nxe5 Be7 7. Bf1 Nxe5 8. Rxe5 0-0 9. Nc3 Ne8 10. Nd5 Bd6 11. Re1 c6 12. Ne3 Be7 13. c4 Nc7 14. d4 d5 15. cxd5 Bb4 16. Bd2 Bxd2 17. Qxd2 Nxd5 18. Nxd5 Qxd5 19. Re5 Qd6 20. Bc4 Bd7 21. a3 Rad8 22. Qe3 Rfe8 23. Re1 Qf8 24. f4 b6 25. b4 Rxe5 26. dxe5 Be6 27. Qe4 c5 28. f5 Bxc4 29. Qxc4 Rd4 30. Qc3 h6 31. e6 fxe6 32. fxe6 Qe7 33. bxc5 bxc5 34. h3 Rd8 35. Kh1 Kh8 36. Qc4 Rc8 37. a4 Re8 38. Qb5 Rc8 39. Qd7 Re8 40. Kh2 Kh7 41. Qc6 Qh4 42. Re4 Rc8 43. Qb7 Rb8 44. Qd5 Qe7 45. Re1 Rc8 46. Qc4 Qd6+ 47. Kh1 Re8 48. Qe4+ Kh8 49. a5 Qd2 50. e7 c4 51. Rf1 Qd6 52. Rf7 Qd1+ 53. Kh2 Qd6+ 54. Kg1 Qd1+ 55. Kf2 Qd2+ 56. Kf3 Qd1+ 57. Kg3 Qd6+ 58. Kh4 c3 59. Qf5 Rg8 60. g4 Qh2 61. g5 Qe2 62. gxh6 Qe1+ 63. Qf2 Qe4+ 64. Kg3 c2 65. Rxg7 Qe5+ 66. Kh4 Qe4+ 67. Kg3 Qd3+ 68. Kh2 Qd6+ 69. Qg3 Qd2+ 70. Qg2 Qf4+ 71. Qg3 1/2-1/2

[Event "Chessable Masters Div 2 Win"]
[Site "Chess.com INT"]
[Date "2024.02.02"]
[Round "1.4"]
[White "Aronian, Levon"]
[Black "Anton Guijarro, David"]
[Result "1-0"]
[WhiteElo "2725"]
[BlackElo "2672"]
[PlyCount "73"]
[EventDate "2024.02.02"]
[EventType "k.o. (rapid)"]
[EventRounds "6"]
[EventCountry "USA"]
[SourceTitle "CB06_2024"]
[SourceDate "2024.02.07"]
[SourceVersion "1"]
[SourceVersionDate "2024.02.07"]
[SourceQuality "1"]

1. e4 c6 2. d4 d5 3. Nc3 dxe4 4. Nxe4 Nf6 5. Nxf6+ exf6 6. Bc4 Bd6 7. Qe2+ Be7 8. Nf3 0-0 9. 0-0 a5 10. a4 Na6 11. Re1 Bd6 12. Qe4 Nb4 13. c3 f5 14. Qe2 Nd5 15. Bg5 f6 16. Bd2 Bd7 17. Qd1 Kh8 18. Qb3 Be8 19. Nh4 Qd7 20. Qc2 g6 21. Bh6 Rg8 22. g3 Bf7 23. Bd3 f4 24. Be4 Rae8 25. c4 Nb4 26. Qc3 Rxe4 27. Rxe4 Nd5 28. cxd5 Bxd5 29. Re5 g5 30. Nf5 Bb4 31. Rxd5 Qxd5 32. Qd3 f3 33. g4 Re8 34. Bg7+ Kg8 35. Bxf6 Re4 36. h3 h5 37. Ng3 1-0

[Event "Titled Tuesday intern op 16th Jan Late"]
[Site "Chess.com INT"]
[Date "2024.01.16"]
[Round "6"]
[White "Aronian, Levon"]
[Black "Mahdavi, Reza"]
[Result "1/2-1/2"]
[WhiteElo "2725"]
[BlackElo "2312"]
[PlyCount "194"]
[EventDate "2024.01.16"]
[EventType "swiss (blitz)"]
[EventRounds "11"]
[EventCountry "USA"]
[SourceTitle "CB04_2024"]
[SourceDate "2023.10.16"]
[SourceVersion "1"]
[SourceVersionDate "2023.10.16"]
[SourceQuality "1"]

1. e4 c5 2. Nf3 d6 3. c3 Nf6 4. Be2 g6 5. 0-0 Bg7 6. d3 0-0 7. Be3 Nc6 8. Nbd2 Ng4 9. Bg5 h6 10. Bh4 Rb8 11. d4 cxd4 12. cxd4 Bd7 13. d5 Nce5 14. Nxe5 Nxe5 15. f4 g5 16. fxg5 Ng6 17. gxh6 Bxb2 18. Rb1 Bd4+ 19. Bf2 Bxf2+ 20. Rxf2 Qa5 21. Bh5 Qc5 22. Rb3 Kh7 23. Bxg6+ fxg6 24. Nf3 Ba4 25. Qa1 Kxh6 26. Rc3 Qb6 27. Nd4 Bd7 28. Rb3 Qc5 29. Rc2 Qa5 30. Nf5+ gxf5 31. Rh3+ Kg6 32. Rg3+ Kf7 33. exf5 Rbc8 34. Qg7+ Ke8 35. Re3 Rf7 36. Qh8+ Rf8 37. Rxe7+ Kxe7 38. Re2+ Kd8 39. Qxf8+ Kc7 40. Rc2+ Kb8 41. Qxd6+ Ka8 42. Rxc8+ Bxc8 43. g4 Qxa2 44. Qc7 Qa1+ 45. Kg2 Qh8 46. d6 Qe8 47. h4 Bd7 48. Kf3 Bc6+ 49. Kf4 a6 50. Qe7 Qh8 51. f6 Qh6+ 52. Kg3 Qd2 53. f7 Ka7 54. f8Q Qg2+ 55. Kf4 Qd2+ 56. Kf5 Qd3+ 57. Kg5 Qd2+ 58. Qf4 Qd5+ 59. Qee5 Qg8+ 60. Kf5 Qh7+ 61. Kf6 Qh8+ 62. Ke7 Qe8+ 63. Kf6 Qh8+ 64. Kg6 Be8+ 65. Qxe8 Qxe8+ 66. Qf7 Qe4+ 67. Qf5 Qe8+ 68. Kg5 Qd8+ 69. Qf6 Qa5+ 70. Kh6 Qd2+ 71. g5 a5 72. Kh7 a4 73. g6 Qd3 74. Kh8 Qd5 75. Kg7 a3 76. Qf2+ Ka8 77. Qf8+ Ka7 78. Qf2+ Ka8 79. Qg3 a2 80. Qa3+ Kb8 81. h5 Qe5+ 82. Kh6 a1Q 83. Qxa1 Qxa1 84. g7 Qf6+ 85. Kh7 Qf7 86. h6 Kc8 87. Kh8 Qf6 88. Kh7 Qf5+ 89. Kh8 Qe5 90. Kh7 Qe4+ 91. Kh8 Qd4 92. Kh7 Qe4+ 93. Kh8 Qe5 94. Kh7 Qf5+ 95. Kh8 Qf6 96. Kh7 Qf7 97. Kh8 Qf6 1/2-1/2

[Event "Titled Tuesday intern op 09th Jan Early"]
[Site "Chess.com INT"]
[Date "2024.01.09"]
[Round "5"]
[White "Aronian, Levon"]
[Black "Ter Sahakyan, Samvel"]
[Result "1-0"]
[WhiteElo "2725"]
[BlackElo "2649"]
[PlyCount "107"]
[EventDate "2024.01.09"]
[EventType "swiss (blitz)"]
[EventRounds "11"]
[EventCountry "USA"]
[SourceTitle "CB03_2024"]
[SourceDate "2024.01.17"]
[SourceVersion "1"]
[SourceVersionDate "2024.01.17"]
[SourceQuality "1"]

1. e4 c5 2. Nf3 d6 3. c3 Nf6 4. Be2 g6 5. 0-0 Bg7 6. d3 0-0 7. Be3 Nc6 8. Nbd2 e5 9. a3 Re8 10. b4 b6 11. b5 Nb8 12. c4 Ng4 13. Bg5 Bf6 14. Bxf6 Qxf6 15. h3 Nh6 16. Nb1 Be6 17. Nc3 Nd7 18. Nd5 Bxd5 19. cxd5 Qe7 20. Qc1 Kg7 21. a4 f5 22. a5 Nf7 23. Ra4 a6 24. Qb2 axb5 25. Qxb5 bxa5 26. Rxa5 Reb8 27. Qa4 Rxa5 28. Qxa5 Nf6 29. Nd2 Ng5 30. h4 Nf7 31. Ra1 h5 32. Qc3 Ng4 33. g3 f4 34. Nc4 fxg3 35. fxg3 Nfh6 36. Rf1 Rf8 37. Qc1 Rxf1+ 38. Qxf1 Qd8 39. Qe1 Nf6 40. Qb1 Qc7 41. Qb5 Nf7 42. Kf2 Qe7 43. Ke1 g5 44. hxg5 Nxg5 45. Qb6 Nf7 46. Kd1 Ng4 47. Bxg4 hxg4 48. Ne3 Qf6 49. Nf5+ Kg6 50. Qb8 Kh7 51. Qe8 Qg6 52. Qe7 Kg8 53. Kc2 Kh7 54. Kb3 1-0